=LDR 00000nam 2200000 4500 =001 INLIS000000000038538 =005 20130612144214 =008 ***********************************Ind** =035 ##$$0010-061300000038538 =041 ##$$a Ind =082 ##$$a 641.8 =090 ##$$a 641.8, Nur s =100 ##$$a Nursaadah =245 ##$$a Sanck goreng gurih layak jual, Nursaadah; Editor, Petra Aquina Budiarti =260 ##$$a 2011 $b Jakarta =300 ##$$a 47 hlm, Ilus, 21 cm =650 ##$$a Sanck =700 ##$$a Budiarti, Petra Aquina =850 ##$$a NBPNMAT